00336 2200145 4500245004700000020001800047100001500065650001600080005001900096260002900115041001400144084000800158300001500166336000900181 aMak Comblang Jatuh CintacIrene RooshText a979-24-8021-8 aIrene Roos aNovel Fiksi a20230110071921 aVania BooksbVania Books aIndonesia a813 a127 hlm. : atext